LEADER 01171nam0 22003011i 450 001 UON00334872 005 20231205104235.29 010 $a05-213-6001-3 100 $a20091001d1991 |0itac50 ba 101 $aeng 102 $aGB 105 $a|||| ||||| 200 1 $aGrammatical voice$fM. H. Klaiman 210 $aCambridge$aNew York$cCambridge University Press$d1991 215 $a323 p.$d22 cm. 410 1$1001UON00067619$12001 $aCambridge studies in linguistics$fGeneral editors: W. Sidney Allen$bet al]$1210 $aCambridge [etc]$cCambridge University$v59 606 $aGrammatica$3UONC019009$2FI 620 $dCambridge$3UONL000022 620 $aUS$dNew York$3UONL000050 676 $a415$cGrammatica$v21 700 1$aKLAIMAN$bM. H.$3UONV189742$0162678 712 $aCambridge University Press$3UONV245943$4650 801 $aIT$bSOL$c20250620$gRICA 899 $aSIBA - SISTEMA BIBLIOTECARIO DI ATENEO$2UONSI 912 $aUON00334872 950 $aSIBA - SISTEMA BIBLIOTECARIO DI ATENEO$dSI 22 0091 $eSI LO 56488 7 0091 996 $aGrammatical voice$9485436 997 $aUNIOR